Biblioteca ESET

Historia : | Argentina y América Latina (1770-1930) (Registro nro. 1272)

Detalles MARC
000 -CABECERA
fixed length control field 00812nam a22002417a 4500
003 - CONTROL NUMBER IDENTIFIER
control field AR-BeUNQ
005 - FECHA Y HORA DE LA ULTIMA TRANSACCION
control field 20250507172107.0
008 - ELEMENTOS DE LONGITUD FIJA-INFORMACION GENERAL
fixed length control field 250507b20122025spaabcodrf||| 001 0 spa d
040 ## - FUENTE DE CATALOGACION
Agencia de catalogación original AR-BeUNQ
Idioma de catalogación ESPAÑOL
Agencia que realiza la transcripción AR-BeUNQ
Convenciones de la descripción aacr
082 ## - NUMERO DE CLASIFICACION DECIMAL DEWEYMBER
Número de la edición 21
Número de clasificación 900 HIS
100 ## - ASIENTO PRINCIPAL-NOMBRE PERSONAL
Nombre personal Horton, Claudia Valeria [et.al]
Títulos u otras palabras asociadas al nombre coaut.
Fecha asociada al nombre 1970
245 ## - MENCION DE TITULO
Título Historia :
Otra información sobre el título Argentina y América Latina (1770-1930)
Mención de responsabilidad, etc Carla V Horton
Medio físico libro.
250 ## - MENCION DE EDICION
Mención de edición 1a.ed
260 ## - PUBLICACION, DISTRIBUCION, ETC.
Lugar de publicación, distribución, etc. Buenos Aires :
Nombre del editor, distribuidor, etc. Santillana,
Fecha de publicación, distribución, etc 2012
300 ## - DESCRIPCION FISICA
Extensión 208 p. ;
Otros detalles físicos il. ;
Dimensiones 27 cm
490 ## - MENCION DE SERIE
Mención de serie Perspectivas.
500 ## - NOTA GENERAL
Nota general Manual de Historia para Educación Secundaria.
650 ## - ASIENTO SECUNDARIO DE MATERIA - TERMINO TEMATICO
Término temático o nombre geográfico como elemento de entrada Historia Argentina
Fuente del encabezamiento o términ spines
651 ## - ASIENTO SECUNDARIO DE MATERIA - NOMBRE GEOGRAFICO
Fuente del encabezamiento o término Unescot
Nombre geográfico Argentina
700 02 - ASIENTO SECUNDARIO - NOMBRE DE PERSONA
Personal name Morichetti, María
Relator term coaut.
929 ## - DATOS DE ADQUISICION
Procedencia DONACION
Proveedor Jorge Zapiola
Orden de compra 0
Precio 0
Fecha de recibido 28/10/2024
Patrimonio UNQ PAT0083219
Número de inventario 62987
942 ## - ELEMENTOS DE PUNTO DE ACCESO ADICIONAL (KOHA)
Tipo de ítem Koha Libros

No hay ítems disponibles.

ESET UNQ

☏ 4365-7188
 Avenida República de Francia 1714 entre Doctor Kenny y Concordia, Ezpeleta, Bs As.
✉ secretaria_eset@unq.edu.ar

Con tecnología Koha